Loading...
| Science - Biology | 0 | 7 | 1 | 1 | 65 | 57 | 82.71 | 1 | 5 |
| Science - Chemistry | 0 | 6 | 3 | 1 | 45 | 76 | 97.83 | 2 | 3 |
| Science - Physics | 0 | 3 | 1 | 1 | 25 | 43 | 76.00 | 0 | 2 |
| Science - Other | 0 | 2 | 0 | 1 | 20 | 86 | 114.00 | 0 | 1 |
| History - World | 0 | 1 | 0 | 0 | 10 | 113 | 113.00 | 0 | 0 |
| Literature - World/Misc poetry | 0 | 1 | 0 | 0 | 10 | 97 | 97.00 | 0 | 0 |
| Mythology - East Asia | 0 | 1 | 0 | 1 | 10 | 151 | 151.00 | 0 | 0 |
| Other Academic/Cross-Category - Any | 0 | 1 | 0 | 0 | 10 | 68 | 68.00 | 0 | 0 |
| Philosophy - 20th century | 0 | 1 | 0 | 0 | 10 | 120 | 120.00 | 0 | 0 |
| Religion - Buddhism | 0 | 1 | 0 | 0 | 10 | 136 | 136.00 | 0 | 0 |
| Science - Astronomy | 0 | 1 | 0 | 0 | 10 | 42 | 42.00 | 0 | 0 |
| Science - Compsci | 0 | 1 | 0 | 0 | 10 | 95 | 95.00 | 0 | 0 |
| Science - Earth | 0 | 1 | 0 | 0 | 10 | 84 | 84.00 | 0 | 1 |
| Science - Engineering | 0 | 1 | 0 | 0 | 10 | 113 | 113.00 | 0 | 0 |
| Social Science - Linguistics | 0 | 1 | 0 | 0 | 10 | 92 | 92.00 | 0 | 1 |
| Geography - Europe | 0 | 1 | 0 | 1 | 10 | 122 | 122.00 | 0 | 0 |
| Geography - Oceania/Pacific | 0 | 1 | 0 | 0 | 10 | 121 | 121.00 | 0 | 0 |
| History - American | 0 | 1 | 0 | 0 | 10 | 73 | 73.00 | 0 | 0 |
| Art - Music/Opera | 0 | 1 | 0 | 1 | 10 | 138 | 138.00 | 0 | 1 |
| History - European | 0 | 0 | 2 | 0 | -10 | 0.00 | 0 | 0 |